000 00449nam a2200193Ia 4500
999 _c4675
_d4675
003 0100
005 20170608135658.0
008 130227s9999 xx 000 0 und d
040 _cARRUPELIB
050 _aDT14.D35
100 _aDavidson, Basil
_99537
245 _aAfrican civilization revisited
245 _bfrom antiquity to modern times
260 _bAfrica World Press
_aTrenton
_c1991
300 _a459p.
300 _b 23 cm
650 _aAfrica
_xCivilization
_922754
942 _2lcc
_cMONOGRAPH